02078 2200241 4500001002100000005001500021035002000036245006200056100002100118300002700139700005600166260004600222082001000268084001600278020002200294650001700316650001700333520138800350008004101738990001901779990001901798990001901817INLIS00000000001474220250805105330 a0010-08250000071 aKompilasi hadis dakwah /cDrs. H. Chatib Saefullah, M.Ag.0 aChatib Saefullah aviii, 192 hlm.; 24 cm.0 aIqbal Triadi Nugraha dan Mustopa Kamal (Penyunting) aBandung :bSimbiosa Rekatama Media,c2017 a297.2 a297.2 CHA k a978-602-7973-63-3 aDakwah Islam aHadis-Dakwah a“Telah aku tinggalkan untuk kalian dua perkara yang kalian tidak akan sesaat selama kalian berpegang teguh dengan keduanya : Kitabullah dan Sunah Nabi-Nya.” (HR. Imam Malik). Kedua warisan ini sudah pasti akan dijaga dan dilindungi oleh Allah Swt, sebagai pemiliknya. Kita kaum muslimin diperintahkan untuk mengamalkan dan mendakwahkannya. Buku Kompilasi Hadis Dakwah ini merupakan hasil usaha penulis dalam menghimpun hadis-hadis yang berkaitan dengan tema dakwah, dan upaya menerjemahkan dakwah dalam perspektif hadis, juga menjawab kelangkaan referensi hadis dakwah. Selama ini kitab-kitab hadis yang dijadikan sumber, seperti kutub al-sittah, cenderung berisi hadis tentang fikih. Karena itu, buku ini disusun dengan cara mengumpulkan berbagai literature mengenai sejarah Nabi Saw. Disertai penjelasan ilmiah yang berkaitan dengan tema pokok kandungan suatu hadis. Buku ini berisi hadis tentang dakwah, mulai dari dasar, tujuan, dan berbagai subsistemnya; dinul Islam dan masalah-masalah yang terkait dengan dakwah, seperti sikap ikhlas, akhlak terpuji dan tercela, dosa besar, etos dalam bekerja, mencari ilmu, kepemimpinan, seni , dan pembinaan keluarga. Dilengkapi juga pembahasan hadis tentang kesehatan dan larangan menggunakan narkoba. Buku ini akan sangat penting bagi mahasiswa Fakultas Dakwah, pelaku dakwah, dan masyarakat umum yang berminat ,mendalami hadis.250805 e 0 ind  a025.3811/PC/25 a025.3812/PC/25 a025.3813/PC/25